01951nam a2200409Ia 4500001001200000003000800012006001900020007001500039008004100054010001700095020003100112020001800143040002100161035002100182050003000203082002100233100003100254245015000285260004800435300001700483490004900500500018400549504005100733533015200784600004400936600005600980600005601036600005901092600004001151650005801191650005701249655002901306710001701335830004601352856012601398999001701524ebr10687917CaPaEBRm u cr cn|||||||||090511s2010 ctu sb 001 0deng d z 2009019207 z9780300134292 (alk. paper) z9780300162844 aCaPaEBRcCaPaEBR a(OCoLC)84129621114aPR6015.I4735bZ844 2010eb04a821/.9109aB2221 aRicks, Christopher,d1933-10aTrue friendshiph[electronic resource] :bGeoffrey Hill, Anthony Hecht, and Robert Lowell under the sign of Eliot and Pound /cChristopher Ricks. aNew Haven :bYale University Press,cc2010. axii, 258 p. 1 aThe Anthony Hecht lectures in the humanities a"This book was first presented as the Anthony Hecht Lectures in the Humanities given by Christopher Ricks at Bard College in 2007. The lectures have been revised for publication." aIncludes bibliographical references and index. aElectronic reproduction.bPalo Alto, Calif. :cebrary,d2013.nAvailable via World Wide Web.nAccess may be limited to ebrary affiliated libraries.10aHill, GeoffreyxFriends and associates.10aHecht, Anthony,d1923-2004xFriends and associates.10aLowell, Robert,d1917-1977xFriends and associates.10aEliot, T. S.q(Thomas Stearns),d1888-1965xInfluence.10aPound, Ezra,d1885-1972xInfluence. 0aAmerican poetryy20th centuryxHistory and criticism. 0aEnglish poetryy20th centuryxHistory and criticism. 7aElectronic books.2local2 aebrary, Inc. 0aAnthony Hecht lectures in the humanities.40uhttp://site.ebrary.com/lib/rucke/Doc?id=10687917zAn electronic book accessible through the World Wide Web; click to view c12082d12082